000
00226nam a22000857a 4500
008
160905b xxu||||| |||| 00| 0 eng d
100
_9
308
_a
Sarna C.S
245
_a
Secondary Mathematics-X
260
_a
New Delhi
_b
APC publication
_c
2012
999
_c
2968
_d
2968